000 00450cam a2200181ua 4500
020 _c5.00
041 _ahin
_h
082 _a891.54
_bNAR/MA
100 _aNarheer Da, Pareek .
245 _aMahadevbhai ki dayari /
_cNarheer Da Pareek.
_hTextual Documents
250 _a1 /
_b.
260 _aAhmadabad :
_bNavajivan publishing house ,
_c1948.
300 _a403 ; .
365 _a5.00
504 _a
942 _cBK
999 _c8386
_d8386